000 00347nam a2200145Ia 4500
100 _aCassel/Donk Jackson/M
942 _cRB
654 _aComputers & Information
245 _aIntrod.To Computers & Information Processing
260 _bRuston Pub.
_aRuston
_c1985
082 _a1.6
_bCas/Ipc
300 _a673
546 _aENGLISH
999 _c26755
_d26755